O smyslu obrazů.

Bibliographic Details
Main Author: Novák, Luděk, 1929-1978 (Author)
Format: Book
Language:Undetermined
Published: Praha Čs. spol. pro šírení politických a vědeckých znalostí 1964

MARC

LEADER 00000nam a2200000 a 4500
001 vtls001356988
003 SK-MaSNL
005 20260301010539.0
008 240314s1964 xx 0 und
035 |a SNK000310480 
040 |a SNK  |b slo  |c SNK  |e AACR2 
100 1 |a Novák, Luděk,  |d 1929-1978  |4 aut  |9 124255 
245 1 0 |a O smyslu obrazů. 
260 |a Praha  |b Čs. spol. pro šírení politických a vědeckých znalostí  |c 1964 
300 |a 39 s. 
958 |a OND 
999 |c 548430  |d 550360 
952 |a SNK  |b SNK  |y NEVYP  |7 0  |p 17A0184945  |o snkID 38065 D1  |0 0  |1 1  |4 0  |d 1999-03-06  |l 0  |r 2005-01-02 00:00:00  |w 2026-02-23